| 000 | 00335nam a2200121Ia 4500 | ||
|---|---|---|---|
| 008 | 190216s9999||||xx |||||||||||||| ||und|| | ||
| 100 | _aHeather Summers&Amp;Anne Wastone | ||
| 245 | 4 | _aThe Book Of Happiness Brilliant Ideas To Transform Your Life | |
| 260 |
_bWiley India _c2007 |
||
| 300 | _a203 | ||
| 650 | _aReferences | ||
| 942 | _cREF | ||
| 999 |
_c36902 _d36902 |
||